000
00281nam a2200121Ia 4500
008
190216s9999||||xx |||||||||||||| ||und||
100
_a
Gurtu G N&Amp;Razdan S
245
0
_a
Phase Rule
260
_b
Pragathi Prakashan
_c
1976
300
_a
160p
650
_a
Chemistry
942
_c
BK
999
_c
2250
_d
2250